Score 0/13 Timer 10:00
0 Plays Today
Season Ninja % Correct
Season 7; Regular SeasonIsaac Caldiero
91.7%
Season 7; Regular SeasonGeoff Britten
91.7%
Season 7; USA VS The WorldIsaac Caldiero
91.7%
Season 8; USA VS The WorldDrew Drechsel
91.7%
Season 11; Regular SeasonDrew Drechsel
91.7%
Season 11; Regular SeasonDaniel Gil
91.7%
Season 6; USA VS The WorldBrian Arnold
83.3%
Season 6; USA VS The WorldYusuke Morimoto
66.7%
Season 7; USA VS The WorldYusuke Morimoto
66.7%
Season 7; USA VS The WorldSean McColl
66.7%
Season 6; USA VS The WorldStefano Ghisolfi
50%
Season 6; USA VS The WorldRyo Matachi
41.7%
Season 8; USA VS The WorldJosh Levin
41.7%
Remove Ads.
Support Sporcle.
Get the best of Sporcle when you Go Orange. This ad-free experience offers more features, more stats, and more fun while also helping to support Sporcle. Thank you for becoming a member.

You're not logged in!

Compare scores with friends on all Sporcle quizzes.
OR
Log In

Show Comments

Extras

Top Quizzes Today


Score Distribution

Your Account Isn't Verified!

In order to create a playlist on Sporcle, you need to verify the email address you used during registration. Go to your Sporcle Settings to finish the process.

Report this User

Report this user for behavior that violates our Community Guidelines.

Details: